| 000 | 02096nam0a2200385 4500 | ||
|---|---|---|---|
| 001 | RU\NLR\BIBL_A\011865966 | ||
| 005 | 20210719163652.0 | ||
| 021 |
_aRU _bКН-П-18-081272 _9КН-П-18-5887 |
||
| 035 | _a(NLR Aleph) 011865966 | ||
| 035 | _a(RuMoRGB)009785881 | ||
| 090 |
_a12178602 _c12178602 |
||
| 100 | _a20181119d2018 k y0rusy50 ca | ||
| 101 | 0 |
_arus _deng |
|
| 102 | _aRU | ||
| 105 | _aa z 000zy | ||
| 200 | 1 |
_aМетод подавления стохастического шума изображения, сгенерированного Монте-Карло трассировкой лучей, сохраняющий мелкие детали _eД. Д. Жданов, С. В. Ершов, А. Г. Волобой |
|
| 210 |
_aМосква _cИПМ им. М. В. Келдыша РАН _d2018 |
||
| 215 |
_a15 с. _cцв. ил. _d21 |
||
| 225 | 1 |
_aПрепринт _fИн-т приклад. математики им. М. В. Келдыша Рос. акад. наук _x2071-2898 _v№ 194 за 2018 г. |
|
| 225 | 1 |
_aПрепринты ИПМ им. М. В. Келдыша _dKeldysh Institute Preprints _zeng |
|
| 300 | _aРез. англ. | ||
| 313 | _aФильтрация шума в изображениях | ||
| 320 | _aБиблиогр.: с. 14 (6 назв.) | ||
| 606 | 1 |
_aИзображения _xГенерация _xМонте-Карло метод _2nlr_sh1 _2nlr_sh2 _3RU\NLR\AUTH\661397869 |
|
| 606 | 1 |
_aИзображения _xФильтрация _2nlr_sh1 _2nlr_sh2 _3RU\NLR\AUTH\66481830 |
|
| 686 | 1 | _aЗ973.235-018 | |
| 686 | 1 | _aЗ811.3 | |
| 700 | 1 |
_aЖданов _bД. Д. _cканд. физ.-мат. наук _gДмитрий Дмитриевич _3RU\NLR\AUTH\770289453 |
|
| 701 | 1 |
_aЕршов _bС. В. _cканд. физ.-мат. наук _f1965- _gСергей Валентинович _3RU\NLR\AUTH\7791989 |
|
| 701 | 1 |
_aВолобой _bА. Г. _f1966- _gАлексей Геннадьевич _3RU\NLR\AUTH\7725320 |
|
| 942 | _cBOOK | ||
| 980 | _aNBR | ||
| 980 | _aNB | ||